| 000 | 01940cam a2200241 4500 | ||
|---|---|---|---|
| 001 | ##L135279 | ||
| 008 | 061010n2006 000 0 eng u | ||
| 035 | _a(Sirsi) u135279 | ||
| 041 | 0 | _aeng | |
| 050 | 0 | 4 | _a332.6324 $2 18 |
| 110 | 2 |
_aParagon Mortgages _94976 |
|
| 245 | 0 | 0 |
_aParagon Mortgages buy-to-let index _bSeptember 2006 |
| 260 |
_aSolihull _bParagon Mortgages _c2006 |
||
| 490 | 0 |
_aParagon Mortgages Buy-to-Let Index _vSeptember 2006 |
|
| 505 | 0 | _aHighlights -- Averages -- Rental yield average for England and Wales -- Property value and rental income average for England and Wales -- Landlord property value, rental value, yield and percentage change by region -- Landlord property yields by region -- Landlord property values by region -- Landlord rental incomes by region -- Landlord property value, rental value, yield and percentage change by property type | |
| 520 | _aYields rose in August to 6.06%, the highest since April. Regionally the highest yields were East Midlands (6.58%), Wales (6.49%), southwest England (6.33%) and East Anglia (6.33%). Property values eased nationally for the second consecutive month, down from 0.37% to £171 352, a dip of £644 from July. Seven out of 10 regions saw a rise in property values between August 2005 and August 2006. Rental incomes were £10 377 in July, remaining fairly stable since June (down £56) and are considerably up on the 2006 low in March of £10 082. Total returns over a 12 month period stood at 13% (12.6% in July). The highest returns were in East Anglia (32.6%), northern (20.1%) and southeast England (19.7%). Tables and graphs. | ||
| 590 | _aIKA171006 | ||
| 650 | 2 | 4 | _aPARAGON MORTGAGES BUY-TO-LET INDEX |
| 651 | 4 |
_aEngland and Wales _y1543- |
|
| 690 | _aPROPERTY-RESIDENTIAL PROPERTY-RESIDENTIAL PROPERTY MARKET | ||
| 856 | 4 | 0 |
_uhttps://www.paragon-mortgages.co.uk/ _zView the index free of charge at www.paragon-mortgages.co.uk... |
| 942 | _n0 | ||
| 999 |
_c105980 _d105980 |
||